<?xml version="1.0" encoding="UTF-8"?>
<record
    xmlns:xsi="http://www.w3.org/2001/XMLSchema-instance"
    xsi:schemaLocation="http://www.loc.gov/MARC21/slim http://www.loc.gov/standards/marcxml/schema/MARC21slim.xsd"
    xmlns="http://www.loc.gov/MARC21/slim">

  <leader>01139nam a2200289 i 4500</leader>
  <controlfield tag="001">6479</controlfield>
  <controlfield tag="003">ES-MaACL</controlfield>
  <controlfield tag="005">20250729053850.0</controlfield>
  <controlfield tag="007">t|</controlfield>
  <controlfield tag="008">891123s1988    xxu          ||||1| eng d</controlfield>
  <datafield tag="080" ind1=" " ind2=" ">
    <subfield code="a">541.183</subfield>
  </datafield>
  <datafield tag="080" ind1=" " ind2=" ">
    <subfield code="a">532.5</subfield>
  </datafield>
  <datafield tag="111" ind1="2" ind2=" ">
    <subfield code="a">NATO Advance Study Institute on Physicochemical Hydrodynamics: Interfacial Phenomena (</subfield>
    <subfield code="d">1986. </subfield>
    <subfield code="c">La Rabida)</subfield>
    <subfield code="9">921</subfield>
  </datafield>
  <datafield tag="245" ind1="1" ind2="0">
    <subfield code="a">Physicochemycal hydrodynamics </subfield>
    <subfield code="b">: interfacial phenomena / </subfield>
    <subfield code="c">edited by Manuel G. Velarde.</subfield>
  </datafield>
  <datafield tag="260" ind1=" " ind2=" ">
    <subfield code="a">New York [etc.] : </subfield>
    <subfield code="b">Plenum Press, </subfield>
    <subfield code="c">cop. 1988.</subfield>
  </datafield>
  <datafield tag="300" ind1=" " ind2=" ">
    <subfield code="a">XVI, 1111 p. ; </subfield>
    <subfield code="c">26 cm.</subfield>
  </datafield>
  <datafield tag="490" ind1="1" ind2=" ">
    <subfield code="a">NATO ASI. Serie B : Physics ; </subfield>
    <subfield code="v">174</subfield>
  </datafield>
  <datafield tag="500" ind1=" " ind2=" ">
    <subfield code="a">Indices.</subfield>
  </datafield>
  <datafield tag="500" ind1=" " ind2=" ">
    <subfield code="a">En port.: "Published in cooperation with NATO Scientific Affairs Division"</subfield>
  </datafield>
  <datafield tag="650" ind1="1" ind2="4">
    <subfield code="a">Qu&#xED;mica de superficies-</subfield>
    <subfield code="v">Congresos y asambleas.</subfield>
    <subfield code="9">16633</subfield>
  </datafield>
  <datafield tag="650" ind1="1" ind2="4">
    <subfield code="a">Hidrodin&#xE1;mica-</subfield>
    <subfield code="v">Congresos y asambleas.</subfield>
    <subfield code="9">13336</subfield>
  </datafield>
  <datafield tag="700" ind1="1" ind2=" ">
    <subfield code="a">Garc&#xED;a Velarde, Manuel</subfield>
    <subfield code="9">55382</subfield>
  </datafield>
  <datafield tag="710" ind1="1" ind2=" ">
    <subfield code="a">Organizaci&#xF3;n del Tratado del Atl&#xE1;ntico Norte.</subfield>
    <subfield code="9">6065</subfield>
  </datafield>
  <datafield tag="830" ind1="0" ind2=" ">
    <subfield code="a">NATO ASI. Serie B : Physics ; </subfield>
    <subfield code="v">174</subfield>
    <subfield code="9">227817</subfield>
  </datafield>
  <datafield tag="852" ind1=" " ind2=" ">
    <subfield code="a">ES-MaACL</subfield>
    <subfield code="j">L-13614 </subfield>
    <subfield code="b">R.117180</subfield>
  </datafield>
  <datafield tag="999" ind1=" " ind2=" ">
    <subfield code="c">6479</subfield>
    <subfield code="d">6479</subfield>
  </datafield>
  <datafield tag="952" ind1=" " ind2=" ">
    <subfield code="0">0</subfield>
    <subfield code="1">0</subfield>
    <subfield code="4">0</subfield>
    <subfield code="7">0</subfield>
    <subfield code="a">ATENEOM</subfield>
    <subfield code="b">ATENEOM</subfield>
    <subfield code="c">DEPO2</subfield>
    <subfield code="d">2008-01-17</subfield>
    <subfield code="e">SC</subfield>
    <subfield code="l">0</subfield>
    <subfield code="o">L-13614</subfield>
    <subfield code="p">1006599</subfield>
    <subfield code="r">2023-02-23 00:00:00</subfield>
    <subfield code="w">2023-02-23</subfield>
    <subfield code="y">MONOGRAFIA</subfield>
  </datafield>
</record>
